000 00499nam a22001457a 4500
020 _a81-7649-250-7
082 _a612.3
_bJEN/J
100 _aJENSEN, BERNARD
245 _aGUIDE TO BODY CHEMISTRY AND NUTRITION
260 _aDELHI
_bVIVA BOOKS
_c2002
300 _a139
520 _aExplains the importance and health benefits of twenty-one key elements, including potassium, calcium, magnesium, iron, copper, cobalt, oxygen, carbon, and nitrogen
650 _aFOOD AND NUTRITION
_zINDIA
942 _cBK
999 _c5884
_d5884